Recruitment and selection/ (Record no. 210417)

MARC details
000 -LEADER
fixed length control field 00744nam a22002057a 4500
005 - DATE AND TIME OF LATEST TRANSACTION
control field 20250321142636.0
010 ## - LCCN (DPL NO)
LC control number ENG-144174
020 ## - INTERNATIONAL STANDARD BOOK NUMBER
International Standard Book Number 9789380831169
Terms of availability 145.00
035 ## - SYSTEM CONTROL NUMBER
System control number EN-127706
037 ## - SOURCE OF ACQUISITION
Source of stock number/acquisition DBAD
082 ## - DEWEY DECIMAL CLASSIFICATION NUMBER
Classification number 658.3
Edition number 1
100 ## - MAIN ENTRY--PERSONAL NAME
Personal name Prasad, L.V.N
245 ## - TITLE STATEMENT
Title Recruitment and selection/
Statement of responsibility, etc L.V.N. Prasad: A Santoshi Roopa [and] S B Mohan
250 ## - EDITION STATEMENT
Edition statement 1
260 ## - PUBLICATION, DISTRIBUTION, ETC. (IMPRINT)
Place of publication, distribution, etc Andhra Pradesh
Name of publisher, distributor, etc StudentsHelpline Publication House
Date of publication, distribution, etc 2010
270 ## - ADDRESS
Address #326/c, Near B K Guda Park S R nagar
City Hyderabad
Telephone number 91 40 23710657
-- 91 40 32494570
Postal code 500038
Fax number +91 40 23810657
Electronic mail address info@studentshelpline.in
300 ## - PHYSICAL DESCRIPTION
Extent 5.38p.
Dimensions 21.5cm(pb)
700 ## - ADDED ENTRY--PERSONAL NAME
Personal name A santoshi roopa [And] S B mohan
9 (RLIN) 79813
942 ## - ADDED ENTRY ELEMENTS (KOHA)
Source of classification or shelving scheme Dewey Decimal Classification
Item type English Books
Classification part 658.3
Call number suffix PRA
Edition 1
Holdings
Withdrawn status Lost status Not for loan Collection code Home library Current library Date acquired Source of acquisition Cost, normal purchase price Full call number Barcode Copy number Cost, replacement price Koha item type
      Non-fiction Patel Nagar Patel Nagar 21/03/2025 DBAD 145.00 658.3 PRA EN-127706 1 145.00 English Books

© Delhi Public Library
Hit Counter
free hit counter